[Event "Quebec-ch U10"]
[Site "Montreal"]
[Date "2003.??.??"]
[Round "2"]
[White "Dinku, Joel"]
[Black "Nguyen, Sandy"]
[Result "0-1"]
[WhiteElo "825"]
[BlackElo "1031"]
[PlyCount "68"]
[EventDate "2003.05.??"]
[EventType "tourn"]
[EventRounds "5"]
[EventCountry "CAN"]
[SourceTitle "EXT 2006"]
[Source "ChessBase"]
[SourceDate "2005.11.24"]
[SourceVersion "1"]
[SourceVersionDate "2005.11.24"]
[SourceQuality "1"]

1. e4 e5 2. Nf3 Nc6 3. Nc3 Nf6 4. Bb5 a6 5. Bxc6 dxc6 6. Nxe5 Be6 7. d4 Bb4 8. Bg5 h6 9. Bh4 0-0 10. Qd3 Bxc3+ 11. Qxc3 Nxe4 12. Qe3 Qxh4 13. g3 Qe7 14. Qxe4 Qb4+ 15. c3 Qxb2 16. 0-0 Qxc3 17. Rac1 Qa5 18. Rb1 Rfe8 19. Rxb7 Bd5 20. Qf5 c5 21. Rbb1 cxd4 22. Rfe1 Bxa2 23. Ra1 d3 24. Qxd3 Rxe5 25. Red1 c6 26. Qd6 Rae8 27. Rdb1 Re1+ 28. Rxe1 Rxe1+ 29. Rxe1 Qxe1+ 30. Kg2 Qe4+ 31. f3 Qc2+ 32. Kh3 Be6+ 33. Kh4 g5+ 34. Kh5 Qg6# 0-1

[Event "Quebec-ch U10"]
[Site "Montreal"]
[Date "2003.??.??"]
[Round "3"]
[White "Nguyen, Sandy"]
[Black "Nguyen, Michael"]
[Result "0-1"]
[WhiteElo "1031"]
[BlackElo "1066"]
[PlyCount "74"]
[EventDate "2003.05.??"]
[EventType "tourn"]
[EventRounds "5"]
[EventCountry "CAN"]
[SourceTitle "EXT 2006"]
[Source "ChessBase"]
[SourceDate "2005.11.24"]
[SourceVersion "1"]
[SourceVersionDate "2005.11.24"]
[SourceQuality "1"]

1. e4 e5 2. Nf3 Nc6 3. Nc3 Bb4 4. d3 Nf6 5. Bg5 0-0 6. g3 d6 7. Bg2 Re8 8. 0-0 Bg4 9. Bh4 Bxc3 10. bxc3 Re6 11. h3 Bh5 12. Qe2 d5 13. Qe3 d4 14. Qe2 dxc3 15. Rab1 b6 16. Rb3 Nd4 17. Qe3 Nxb3 18. axb3 Bxf3 19. Qxf3 a5 20. Bg5 h6 21. Bxf6 Qxf6 22. Qh5 Qg6 23. Qe2 a4 24. bxa4 Rxa4 25. h4 Ra2 26. Bh3 Rc6 27. Kh2 b5 28. f4 exf4 29. gxf4 b4 30. f5 Qf6 31. e5 Qd8 32. Rg1 Qe8 33. Bg2 Rca6 34. Bd5 Ra1 35. Rg2 c6 36. Bc4 Qd8 37. Bxa6 Qxh4# 0-1